| 000 | 01379 a2200217 4500 | ||
|---|---|---|---|
| 003 | NUST | ||
| 005 | 20230223182041.0 | ||
| 010 | _a 77011630 | ||
| 020 | _a0471749834 | ||
| 040 | _cNust | ||
| 082 | 0 | 0 | _a515,SAL |
| 100 | 1 |
_aSalas, Saturnino L. _9102968 |
|
| 245 | 0 | 0 |
_aCalculus : _bone and several variables, with analytic geometry / _cS. L. Salas, Einar Hille. |
| 250 | _a3rd ed. | ||
| 260 |
_aNew York : _bWiley, _cc1978. |
||
| 300 |
_a1062 p. in various pagings : _bill. ; _c26 cm. |
||
| 505 | _aIntroduction (Page-1), Limits and Continuity (Page-39), Differentiation (Page-87), The Mean-Value Theorem and Applications (Page-135), Integration (Page-187), The Logarithm and Exponential Functions (Page-233), The Trigonometric and Hyperbolic Functions (Page-287), The Techniques of Integration (Page-329), The Conic Sections (Page-365), Volume Work and other Applications of the Integral (Page-395), Polar Coodinates Parametric Equations (Page-429), Sequences indeterminate forms improper integrals (Page-473), Infinite Series (Page-515), Vectors (Page-575), Vector Calculus (Page-621), Functions of Several Variables (Page-659), Gradients Extreme Values Differentials (Page-693), Double and Triple Integrals (Page-757), Line Integrals and Surface Integrals (Page-821). | ||
| 650 | 0 | _aCalculus. | |
| 700 | 1 |
_aHille, Einar, _d1894-1979, _9102969 |
|
| 942 |
_2ddc _cBK _k515,SAL |
||
| 999 |
_c187593 _d187593 |
||